|
|
|
|
| LEADER |
00000nam0a2200000 4500 |
| 001 |
298395 |
| 005 |
20231102001111.0 |
| 035 |
|
|
|a (RuTPU)RU\TPU\book\323538
|
| 090 |
|
|
|a 298395
|
| 100 |
|
|
|a 20150618d1983 k y0rusy50 ca
|
| 101 |
0 |
|
|a rus
|
| 102 |
|
|
|a RU
|
| 105 |
|
|
|a a z 001zy
|
| 200 |
1 |
|
|a Исследования световой среды помещений
|f Научно-исследовательский институт строительной физики (НИИСФ) ; под ред. М. И. Краснова, Н. Н. Киреева
|
| 210 |
|
|
|a Москва
|c Изд-во НИИСФ
|d 1983
|
| 215 |
|
|
|a 117 с.
|c ил.
|
| 225 |
1 |
|
|a Сборник трудов института
|
| 320 |
|
|
|a Библиография в конце статей
|
| 606 |
|
|
|a Освещение помещений
|x Проектирование
|2 stltpush
|3 (RuTPU)RU\TPU\subj\47546
|9 66473
|
| 610 |
1 |
|
|a светоклиматическое нормирование
|
| 610 |
1 |
|
|a фонари
|
| 610 |
1 |
|
|a светопоказатели
|
| 610 |
1 |
|
|a расчет
|
| 610 |
1 |
|
|a естественное освещение
|
| 610 |
1 |
|
|a производственные здания
|
| 610 |
1 |
|
|a нормирование
|
| 610 |
1 |
|
|a исследование
|
| 675 |
|
|
|a 628.93
|v 4
|
| 702 |
|
1 |
|a Краснов
|b М. И.
|4 340
|
| 702 |
|
1 |
|a Киреев
|b Н. Н.
|4 340
|
| 712 |
0 |
2 |
|a Научно-исследовательский институт строительной физики (НИИСФ)
|c (Москва)
|c (1963- )
|2 stltpush
|3 (RuTPU)RU\TPU\col\9546
|
| 801 |
|
1 |
|a RU
|b 63413507
|c 20150618
|
| 801 |
|
2 |
|a RU
|b 63413507
|c 20180613
|g RCR
|
| 942 |
|
|
|c BK
|